<?xml version="1.0" encoding="UTF-8"?><OAI-PMH xmlns="http://www.openarchives.org/OAI/2.0/" xmlns:xsi="http://www.w3.org/2001/XMLSchema-instance"     xsi:schemaLocation="http://www.openarchives.org/OAI/2.0/ http://www.openarchives.org/OAI/2.0/OAI-PMH.xsd"><responseDate>2026-05-14T13:52:17Z</responseDate><request verb="GetRecord" identifier="oai:regmurcia.com:fintegr.2646" metadataPrefix="marc21">http://oai.regmurcia.com/oai2/oai2.php</request><GetRecord><record><header><identifier>oai:regmurcia.com:fintegr.2646</identifier><datestamp>2026-05-14</datestamp><setSpec>documentos</setSpec></header><metadata><record  xmlns="http://www.loc.gov/MARC21/slim" xmlns:xsi="http://www.w3.org/2001/XMLSchema-instance" xsi:schemaLocation="http://www.loc.gov/MARC21/slim http://www.loc.gov/standards/marcxml/schema/MARC21slim.xsd" type="Bibliographic"><leader>00000nam a2200000   4500</leader><controlfield tag="001" >005069381</controlfield><controlfield tag="003" >2646</controlfield><controlfield tag="004" >A00000000</controlfield><datafield tag="245" ind1=" " ind2=" "><subfield code="a">Carta de merced de los Reyes Católicos concediendo licencia a Juan de Montealegre para fundar el mayorazgo de Montealegre</subfield></datafield><datafield tag="300" ind1=" " ind2=" "><subfield code="a">2 fols.</subfield></datafield><datafield tag="351" ind1=" " ind2=" "><subfield code="a">Unidad Documental Simple</subfield><subfield code="c">Archivo de Calasparra. Array</subfield><subfield code="a">Unidad Documental Simple</subfield><subfield code="c">Archivo de Calasparra. Array</subfield></datafield><datafield tag="351" ind1=" " ind2=" "><subfield code="b">Nº 69 (II)</subfield></datafield><datafield tag="506" ind1=" " ind2=" "><subfield code="a">Acceso restringido</subfield></datafield><datafield tag="520" ind1=" " ind2=" "><subfield code="a">Carta de merced de los Reyes Católicos a Juan de Montealegre concediéndole licencia para fundar el mayorazgo de Montealegre (1488-07-28. Murcia)

Al dorso: 
- Testimonio de la constitución del mayorazgo de Montealegre por parte de Juan de Montealegre (1495-10-07. Aledo)
- Testimonio de la presentación de la carta de merced de los Reyes Católicos, por parte de Andrés López de Valladolid, en nombre de Martín Fernández y Catalina de Montealegre, en el pleito que seguían  contra Francisca de Montealegre (1501-12-17. Ciudad Real)</subfield></datafield><datafield tag="583" ind1=" " ind2=" "><subfield code="u">http://www.regmurcia.com/servlet/s.Sl?METHOD=VERDOCUMENTO&amp;sit=serv,Carmesi&amp;n=/14/5567/indice.djvu</subfield></datafield><datafield tag="592" ind1=" " ind2=" "><subfield code="a">1488-07-28</subfield></datafield><datafield tag="592" ind1=" " ind2=" "><subfield code="d">1488-07-28 00:00:00</subfield></datafield><datafield tag="651" ind1=" " ind2=" "><subfield code="a">Murcia</subfield></datafield><datafield tag="786" ind1=" " ind2=" "><subfield code="o">http://www.regmurcia.com/servlet/s.Sl?METHOD=VERDOCUMENTO&amp;sit=serv,Carmesi&amp;n=/14/5567/indice.djvu</subfield></datafield><datafield tag="856" ind1=" " ind2=" "><subfield code="u">http://www.regmurcia.com/servlet/s.Sl?METHOD=DETALLE&amp;sit=c,373,m,139,serv,Carmesi&amp;id=2646</subfield></datafield></record></metadata></record></GetRecord></OAI-PMH>
